000 00874nac a22002417a 4500
001 BR8701633
003 BR-BrBNA
005 20240105120502.0
008 230509b bl.|||m| |||| 00| 0 por d
040 _aBR-BrBNA
_bpor
_cBiblioteca Nacional de Agricultura
072 _aE14; E13
090 _aE14 BR8701633
110 1 _aCooperativa Central dos Produtores Rurais de Minas Gerais Ltda., Belo Horizonte (Brasil)
_92832
245 1 _aRelatorio anual 1976 [Cooperativa Central dos Produtores Rurais de Minas Gerais Ltda.]
260 3 _aBelo Horizonte, MG (Brasil):
_c1977.
300 _a10 p.
490 _aRelatorio - Cooperativa Central dos Produtores Rurais de Minas Gerais Ltda. (Brazil)
_v
_x
650 _aBALANÇA COMERCIAL
650 _aPRODUTO AGRICOLA
650 _aMINAS GERAIS
909 _a202312
_bLúcia Elande
_c55
_dLúcia Elande
942 _2AGRIS
_n0
_cMS
999 _c279698
_d279698